1568 1908 1176 1687 1152 1149 1691 1067 1554 1431 1548 1072 1354 1634 1123 1509 1371 1570 1674 1142 1397 1315 1549 1807 1961 1953 1184 1589 1974 1171 1759 1789 1097 1678 1615 1597 1111 1100 1295 1764 1145 1765 1740 1870 1576 1811 1722 1465 1957 1590 1964 1584 1099 1736 1593 1651 1215 1067 1770 1668 1979 1680 1077 1519 1287 1606 1295 1325 1875 1790 1560 1205 1857 1730 1210 1972 1877 1888 1797 1987 1515 1334 1783 1204 1721 1125 1435 1056 1603 1917 1183 1001 1540 1013 1296 1420 1593 1622 1414 BCNSPRNW ULIB Ver.6.0+V

เปลี่ยนเป็นภาษาไทย

Change to English
 แสดงรายละเอียดบรรณานุกรม
  กลับหน้าหลัก

Brief Record : Get Marc (ISO 2709) : E-mail record : QR code < ปิดหน้าต่าง
LEADER : 00000nam a2200000Ia 4500
001    13399122395
003     ULIB
008    110523s2551 th a d 000 0 tha d
020    ^a9789749907672
020    9749907671
050  4 ^aPE1645^bพ111พ
245 00 ^aพจนานุกรมอังกฤษ-ไทย/^cโดย พ.เสถบุตร
250    ^acompletely revised & updated edition
260    ^aกรุงเทพฯ :^bNanmeebooks,^c2548
300    ^a1141 หน้า
650  4 ^aภาษาอังกฤษ^vพจนานุกรม^xภาษาไทย
รายการนี้ยังไม่มีแท็ก
คุณยังไม่ได้ล็อกอิน คุณสามารถมีกิจกรรมร่วมกับเว็บไซต์ได้ แต่ต้องล็อกอินก่อน ::
  ล็อกอิน

รายการสื่อสารสนเทศ

ลำดับที่ ประเภท เลขเรียก/บาร์โค้ด สถานที่ สถานะ
- ไม่พบข้อมูล -

BibComment


ยังไม่เคยถูกคอมเมนท์

คอมเมนท์ทรัพยากรรายการนี้
  คอมเมนท์: พจนานุกรมอังกฤษไ..


 Copyright 2026. Bcnsprnw @Library